000 00665nam a2200253Ia 4500
003 OSt
005 20221005101402.0
006 a|||||r|||| 00| 0
007 ta
008 221004b |||||||| |||| 00| 0 tam d
020 _c32.00
024 _a65197
037 _cTextual
040 _aCRL
_cCRL
_btam
041 _2tam
_atam
082 _aO31,1M82:g, M5
100 _aAaraar Au.
_9622138
245 0 _aOligal Ethiroligal
260 _aThiruppathur
_bArivarangam Publications India
_c1985
300 _a315p.
_ccm.
650 _aTAMIL LITERATURE
942 _hO31,1M82:g, M5
_cTEXL
_2cc
999 _c1006699
_d1006699